| Tag |
First Indicator |
Second Indicator |
Subfields |
| LEADER |
00000cam a22000004a 4500 |
| 001 |
in00002118945 |
| 005 |
20151103064651.0 |
| 008 |
051201s2006 enka b 001 0 eng |
| 010 |
|
|
|a 2005035141
|
| 020 |
|
|
|a 0415395046 (hbk. : alk. paper)
|
| 024 |
3 |
|
|a 9780415395045
|
| 035 |
|
|
|a (OCoLC)ocm62493454
|
| 040 |
|
|
|a DLC
|c DLC
|d BWKUK
|d TXA
|d UtOrBLW
|
| 042 |
|
|
|a pcc
|
| 049 |
|
|
|a TXAM
|
| 050 |
0 |
0 |
|a TA710.A1
|b M37 2006
|
| 100 |
1 |
|
|a Matsuoka, Hajime,
|d 1943-
|
| 245 |
1 |
4 |
|a The SMP concept-based 3D constitutive models for geomaterials /
|c Hajime Matsuoka, De'an Sun.
|
| 264 |
|
1 |
|a London ;
|a New York :
|b Taylor & Francis,
|c [2006]
|
| 264 |
|
4 |
|c ©2006
|
| 300 |
|
|
|a xvi, 136 pages :
|b illustrations ;
|c 26 cm.
|
| 336 |
|
|
|a text
|b txt
|2 rdacontent
|
| 337 |
|
|
|a unmediated
|b n
|2 rdamedia
|
| 338 |
|
|
|a volume
|b nc
|2 rdacarrier
|
| 504 |
|
|
|a Includes bibliographical references and index.
|
| 650 |
|
0 |
|a Soil mechanics
|x Mathematical models.
|
| 700 |
1 |
|
|a Sun, De'an,
|d 1962-
|
| 856 |
4 |
1 |
|3 Table of contents
|u http://www.loc.gov/catdir/toc/ecip064/2005035141.html
|t 0
|
| 994 |
|
|
|a C0
|b TXA
|
| 948 |
|
|
|a cataloged
|b h
|c 2006/5/2
|d c
|e aklinger
|f 11:37:46 am
|
| 999 |
|
|
|a MARS
|
| 999 |
f |
f |
|s 43146a72-14cd-3ddd-99b8-f0b399fbb499
|i 055d18a3-161b-3301-b948-8c21a967f132
|t 0
|
| 952 |
f |
f |
|p normal
|a Texas A&M University
|b College Station
|c Sterling C. Evans Library
|d Evans: Library Stacks
|t 0
|e TA710.A1 M37 2006
|h Library of Congress classification
|i unmediated -- volume
|m A14834086726
|
| 998 |
f |
f |
|a TA710.A1 M37 2006
|t 0
|l Evans: Library Stacks
|